1196 1375 1555 1066 1743 1500 1595 1573 1790 1322 1089 1379 1478 1562 1621 1803 1169 1899 1475 1569 1908 1266 1527 1115 1573 1299 1012 1802 1364 1252 1942 1803 1233 1834 1665 1927 1471 1075 1031 1316 1628 1267 1294 1130 1432 1644 1439 1484 1148 1380 1722 1386 1499 1191 1653 1135 1122 1922 1472 1075 1435 1278 1166 1545 1081 1127 1232 1996 1977 1262 1694 1911 1800 1233 1884 1175 1027 1191 1215 1508 1663 1099 1148 1626 1282 1754 1285 1793 1496 1355 1335 1698 1984 1557 1626 1496 1700 1183 1691 BCNSPRNW ULIB Ver.6.0+V

เปลี่ยนเป็นภาษาไทย

Change to English
 แสดงรายละเอียดบรรณานุกรม
  กลับหน้าหลัก

Brief Record : Get Marc (ISO 2709) : E-mail record : QR code < ปิดหน้าต่าง
LEADER : 00000nam 2200000uu 4500
001    13399126596
003     ULIB
008    020711s2560 th a 000 0 tha d
020    ู^a9786164280458
050    ^aN745.925^bช373พ
100    ^aชัยเกียรติ ศรีอ่อนจันทร์ และคณะ
245    ^aพื้นฐานงานใบตอง (ฉบับสุดคุ้ม)/^cชัยเกียรติ ศรีอ่อนจันทร์ และคณะ
260    ^aกรุงเทพฯ :^bวาดศิลป์,^c2560
300    ^a64 หน้า;^b26 ซม.
650    ^aการประดิษฐ์ด้วยใบตอง
650    ^aใบตอง
945    ^p80^l0^i004791
999    ^aประนอม เกษจรัล
รายการนี้ยังไม่มีแท็ก
คุณยังไม่ได้ล็อกอิน คุณสามารถมีกิจกรรมร่วมกับเว็บไซต์ได้ แต่ต้องล็อกอินก่อน ::
  ล็อกอิน

รายการสื่อสารสนเทศ

ลำดับที่ ประเภท เลขเรียก/บาร์โค้ด สถานที่ สถานะ
1. การศึกษาทั่วไป
การศึกษาทั่วไป
N745.925 ช373พ ฉ.1 
  Barcode: 004791
ห้องสมุดวิทยาเขตสวรรค์ประชารักษ์
►หนังสือทั่วไป
บนชั้น

รายการใกล้เคียง
    ผู้แต่ง [ชัยเกียรติ ศรีอ่อนจันทร์ และคณะ]

    หัวเรื่อง [การประดิษฐ์ด้วยใบตอง]
    หัวเรื่อง [ใบตอง]

BibComment


ยังไม่เคยถูกคอมเมนท์

คอมเมนท์ทรัพยากรรายการนี้
  คอมเมนท์: พื้นฐานงานใบตอง ..


 Copyright 2026. Bcnsprnw @Library